| 000 | 03107cam a22003374a 4500 | ||
|---|---|---|---|
| 001 | 16240961 | ||
| 003 | NUST - PNEC | ||
| 005 | 20170116180819.0 | ||
| 008 | 100518s2010 nyua b 001 0 eng | ||
| 010 | _a 2010021143 | ||
| 020 | _a9781107694170 | ||
| 020 | _a9780521518734 (hardback) | ||
| 020 | _a0521518733 (hardback) | ||
| 035 | _a(OCoLC)ocn639939767 | ||
| 040 |
_aDLC _cLIBRARY _dYDX _dYDXCP _dCDX _dDLC |
||
| 042 | _apcc | ||
| 050 | 0 | 0 |
_aTJ177 _b.S56 2010 |
| 082 | 0 | 0 | _a621.3811 SIN |
| 100 | 1 | _aSinha, Alok K. | |
| 245 | 1 | 0 |
_aVibration of mechanical systems / _cAlok Sinha. |
| 260 |
_aNew York : _bCambridge University Press, _c2010. |
||
| 300 |
_axv, 308 p. : _bill. ; _c24 cm. |
||
| 504 | _aIncludes bibliographical references and index. | ||
| 505 | 8 | _aMachine generated contents note: 1. Equivalent single degree of freedom system and free vibration; 2. Vibration of a single degree of freedom system under constant and purely harmonic excitation; 3. Responses of a SDOF spring-mass-damper system to periodic and arbitrary forces; 4. Vibration of two degrees of freedom systems; 5. Finite and infinite (continuous) dimensional systems; References; Appendix A; Appendix B; Appendix C. | |
| 520 | _a"In this textbook all the basic concepts in mechanical vibrations are clearly identified and presented in a concise and simple manner with illustrative and practical examples. Vibration concepts include a review of selected topics in mechanics; a description of single-degree-of-freedom (SDOF) systems in terms of equivalent mass, equivalent stiffness, and equivalent damping; a unified treatment of various forced response problems (base excitation and rotating balance); an introduction to systems thinking, highlighting the fact that SDOF analysis is a building block for multi-degree-of-freedom (MDOF) and continuous system analyses via modal analysis; and a simple introduction to finite element analysis to connect continuous system and MDOF analyses. There are more than 60 exercise problems, and a complete solutions manual. The use of MATLABĀ® software is emphasised"-- | ||
| 520 | _a"In this book, all the basic concepts in mechanical vibrations are clearly identified and presented in a concise and simple manner with illustrative and practical examples. Vibration concepts include a review of selected topics in mechanics; a description of single-degree-of-freedom (SDOF) systems in terms of equivalent mass, equivalent stiffness, and equivalent damping; a unified treatment of various forced response problems (base excitation and rotating balance); an introduction to systems thinking, highlighting the fact that SDOF analysis is a building block for multi-degree-of-freedom (MDOF) and continuous system analyses via modal analysis; and a simple introduction to finite element analysis to connect continuous system and MDOF analyses"-- | ||
| 650 | 0 |
_aMachinery _xVibration. _xME |
|
| 906 |
_a7 _bcbc _corignew _d1 _eecip _f20 _gy-gencatlg |
||
| 942 |
_2ddc _cBK |
||
| 999 |
_c63635 _d63635 |
||